000 00379nam a2200097Ia 4500
008 160725s9999 xx 000 0 und d
100 _aDe Leon, Ma. Astrid M.
245 _a(2013, June). Curriculum design and development. Kaizen Research Journal Research Journal College of Nursing, 3, 45-64.
260 _bKaizen Research Journal College of Nursing
_cJune 2013
650 _aNURSING
999 _c298025
_d298025